000 01120cam a2200133 4500500
005 20251214002048.0
041 _afre
042 _adc
100 1 0 _aRadvanyi, Jean
_eauthor
245 0 0 _aLa nouvelle Russie
260 _bArmand Colin,
_c2010.
520 _aL’ouvrage de référence en géographie pour la Russie, selon un structure classique: géographie générale ; gégraphie régionale. L’auteur traite en profondeur d’une part la géographie physique, les populations, la transition socio-politique depuis 15 ans ; les secteurs primaire, secondaire et tertiaire, les transports, les échanges extérieurs. Il traite d’autre part les 7 régions majeures (Moscou et les régions centrales ; la fenêtre maritime entre Baltique et mer Blanche ; les Terres noires et le Caucase ; la double région charnière Volga/Oural ; la Russie d’Asie ; la Sibériade ; l’Extrême-Orient et les régions du Pacifique).
856 4 1 _uhttps://shs.cairn.info/la-nouvelle-russie--9782200254650?lang=fr&redirect-ssocas=7080
999 _c1566743
_d1566743